Survival Psychology (Record no. 3893)

MARC details
000 -LEADER
fixed length control field 00411nam a22001457a 4500
008 - FIXED-LENGTH DATA ELEMENTS--GENERAL INFORMATION
fixed length control field 250618b |||||||| |||| 00| 0 eng d
020 ## - INTERNATIONAL STANDARD BOOK NUMBER
ISBN 0333518551
100 ## - MAIN ENTRY--AUTHOR
Author Leach John
245 ## - TITLE STATEMENT
Title Survival Psychology
260 ## - PUBLICATION, DISTRIBUTION, ETC. (IMPRINT)
Place of publication London
Name of publisher McMillan Press Limited
Date of publication 1994
300 ## - COLLATION
Pagination 220p
650 ## - TRACINGS
Main Subject Disasters - Psychological aspects
Subdivision (1st) Post Traumatic Stress Disorder
942 ## - ADDED ENTRY ELEMENTS (KOHA)
Item type Books
050 ## - LIBRARY OF CONGRESS CALL NUMBER
Classification number BF 789.D5
Item number .L43
Holdings
Source of classification or shelving scheme Not for loan Permanent location Current location Date acquired Accession No. Full call number Barcode. Koha item type
Library of Congress Classification   Samuel Ogbemudia Main Library, University of Abuja Samuel Ogbemudia Main Library, University of Abuja 06/18/2025 2022/59832 BF 789.D5 .L43 2025-2574 Books